[Event "PHI-ch sf"]
[Site "Manila"]
[Date "2014.??.??"]
[Round "8"]
[White "Jacutina, John Merill"]
[Black "Punzalan, Michael"]
[Result "1/2-1/2"]
[WhiteElo "2045"]
[BlackElo "2075"]
[PlyCount "66"]
[EventDate "2014.03.??"]
[EventType "swiss"]
[EventRounds "9"]
[EventCountry "PHI"]
[SourceTitle "EXT 2016"]
[Source "ChessBase"]
[SourceDate "2015.10.08"]
[SourceVersion "1"]
[SourceVersionDate "2015.10.08"]
[SourceQuality "1"]

1. Nf3 Nf6 2. c4 g6 3. Nc3 Bg7 4. e4 0-0 5. d4 c5 6. Be2 cxd4 7. Nxd4 Nc6 8. Be3 d6 9. 0-0 Bd7 10. Rc1 Re8 11. h3 Nxd4 12. Bxd4 Bc6 13. Qd3 Qa5 14. Be3 Nd7 15. f3 Nc5 16. Qb1 Na4 17. Nxa4 Qxa4 18. b4 Bd7 19. f4 a5 20. b5 Rac8 21. f5 Be5 22. Rf3 Qb4 23. Qd3 a4 24. Qd5 e6 25. Qxb7 Red8 26. fxg6 hxg6 27. Rcf1 Rb8 28. Qa7 Ra8 29. Qb7 f6 30. Bb6 Rab8 31. Qa7 Qb2 32. Kh1 Ra8 33. Qb7 Rab8 1/2-1/2

[Event "PHI-ch sf"]
[Site "Manila"]
[Date "2014.??.??"]
[Round "6"]
[White "Miciano, John Marvin"]
[Black "Punzalan, Michael"]
[Result "0-1"]
[WhiteElo "2020"]
[BlackElo "2075"]
[PlyCount "114"]
[EventDate "2014.03.??"]
[EventType "swiss"]
[EventRounds "9"]
[EventCountry "PHI"]
[SourceTitle "EXT 2016"]
[Source "ChessBase"]
[SourceDate "2015.10.08"]
[SourceVersion "1"]
[SourceVersionDate "2015.10.08"]
[SourceQuality "1"]

1. e4 d5 2. exd5 Qxd5 3. Nc3 Qd6 4. Be2 Nf6 5. Bf3 Nc6 6. Bxc6+ Qxc6 7. Qf3 Bd7 8. Qxc6 Bxc6 9. f3 g6 10. b3 Bg7 11. Bb2 0-0 12. 0-0-0 Rad8 13. Nge2 Rd7 14. Ng3 Rfd8 15. Rhe1 e6 16. Re2 h5 17. Nge4 Nxe4 18. Nxe4 Bxb2+ 19. Kxb2 Kg7 20. d3 Rd5 21. Rde1 Rf5 22. Kc3 h4 23. Re3 Bxe4 24. fxe4 Rg5 25. R1e2 Rd6 26. e5 Rd5 27. Re4 Rf5 28. b4 g5 29. Kd2 Kg6 30. c4 Rd8 31. h3 Rf4 32. a3 Kf5 33. R2e3 Rd4 34. Rxd4 Rxd4 35. Ke1 Rf4 36. Ke2 g4 37. hxg4+ Kxg4 38. a4 c6 39. b5 a6 40. b6 a5 41. Rh3 c5 42. Re3 Rf5 43. Re4+ Kg3 44. d4 Rf2+ 45. Kd3 Rxg2 46. dxc5 h3 47. Re3+ Kg4 48. Rxh3 Kxh3 49. c6 bxc6 50. Kd4 Kg4 51. Kc5 Kf5 52. Kd6 Rd2+ 53. Kxc6 Kxe5 54. c5 f5 55. Kb7 Rc2 56. c6 Kd6 57. c7 Kd7 0-1

[Event "PHI-ch sf"]
[Site "Manila"]
[Date "2014.??.??"]
[Round "4"]
[White "Nazario, Marc Christian"]
[Black "Punzalan, Michael"]
[Result "1-0"]
[WhiteElo "2135"]
[BlackElo "2075"]
[PlyCount "90"]
[EventDate "2014.03.??"]
[EventType "swiss"]
[EventRounds "9"]
[EventCountry "PHI"]
[SourceTitle "EXT 2016"]
[Source "ChessBase"]
[SourceDate "2015.10.08"]
[SourceVersion "1"]
[SourceVersionDate "2015.10.08"]
[SourceQuality "1"]

1. e4 d5 2. exd5 Qxd5 3. Nf3 Nf6 4. d4 e6 5. Be2 c5 6. c4 Qd8 7. Nc3 cxd4 8. Nxd4 a6 9. Be3 Bd7 10. 0-0 Qc7 11. Rc1 Bd6 12. h3 Nc6 13. Nxc6 Bxc6 14. Nb5 axb5 15. cxb5 Nd5 16. bxc6 bxc6 17. Bb5 Ne7 18. Qf3 Rc8 19. Bg5 f6 20. Bd2 Kf7 21. Bc4 Nd5 22. b4 Qb7 23. Rb1 Qa8 24. Qb3 Rhd8 25. a4 Rb8 26. b5 cxb5 27. axb5 Bc5 28. Rfe1 Rd6 29. Ra1 Qb7 30. Qc2 g6 31. Qe4 Qd7 32. Qh4 Kg8 33. Bf4 e5 34. Bg3 Bd4 35. Rad1 g5 36. Qh6 f5 37. Qxg5+ Rg6 38. Qh4 f4 39. Bxf4 Rf8 40. Rxd4 exd4 41. Re7 Qxe7 42. Bxd5+ Qf7 43. Bxf7+ Rxf7 44. Qd8+ Rf8 45. Qxd4 Rff6 1-0

[Event "PHI-ch sf"]
[Site "Manila"]
[Date "2014.??.??"]
[Round "9"]
[White "Punzalan, Michael"]
[Black "Negrosa, Jerald"]
[Result "1-0"]
[WhiteElo "2075"]
[BlackElo "2025"]
[PlyCount "137"]
[EventDate "2014.03.??"]
[EventType "swiss"]
[EventRounds "9"]
[EventCountry "PHI"]
[SourceTitle "EXT 2016"]
[Source "ChessBase"]
[SourceDate "2015.10.08"]
[SourceVersion "1"]
[SourceVersionDate "2015.10.08"]
[SourceQuality "1"]

1. d4 f5 2. c4 e6 3. Nc3 Nf6 4. g3 Be7 5. Bg2 0-0 6. Nf3 Qe8 7. 0-0 Qh5 8. Nd2 Nc6 9. e3 Qg6 10. b3 a6 11. Bb2 Nd8 12. Ne2 Rb8 13. Qc2 b6 14. e4 fxe4 15. Nxe4 Bb7 16. Nxf6+ Rxf6 17. Qxg6 Rxg6 18. Nf4 Rh6 19. d5 Bf6 20. Bxf6 Rxf6 21. dxe6 Nxe6 22. Nd5 Bxd5 23. cxd5 Nc5 24. b4 Nd3 25. a3 b5 26. f4 c5 27. dxc6 dxc6 28. Rfd1 Nb2 29. Rdc1 Nc4 30. Bf1 Nb6 31. Ra2 Rd8 32. Rac2 Rdd6 33. Bg2 Nc4 34. Bf1 Nd2 35. Kg2 Nb3 36. Rb1 Nd4 37. Rc3 Kf8 38. Re1 Rfe6 39. Rxe6 Rxe6 40. Kf2 Ke7 41. Rd3 Rd6 42. Bg2 Kd8 43. Kf1 Kc7 44. Be4 g6 45. Kf2 Kb6 46. h4 c5 47. bxc5+ Kxc5 48. Rc3+ Kb6 49. h5 gxh5 50. Bxh7 Nc6 51. Be4 a5 52. Ke3 b4 53. axb4 Nxb4 54. f5 a4 55. Kf4 Na6 56. Ke5 Rd8 57. f6 Nc5 58. Bf5 Kb5 59. f7 Kb4 60. Rf3 a3 61. Be6 a2 62. Bxa2 Nd7+ 63. Ke6 Nf8+ 64. Ke7 Ra8 65. Bd5 Rc8 66. Rb3+ Ka4 67. Rb6 Ka5 68. Rh6 Kb4 69. Bc6 1-0

[Event "PHI-ch sf"]
[Site "Manila"]
[Date "2014.??.??"]
[Round "7"]
[White "Punzalan, Michael"]
[Black "Rapanot, Alfredo"]
[Result "0-1"]
[WhiteElo "2075"]
[BlackElo "2065"]
[PlyCount "136"]
[EventDate "2014.03.??"]
[EventType "swiss"]
[EventRounds "9"]
[EventCountry "PHI"]
[SourceTitle "EXT 2016"]
[Source "ChessBase"]
[SourceDate "2015.10.08"]
[SourceVersion "1"]
[SourceVersionDate "2015.10.08"]
[SourceQuality "1"]

1. d4 Nf6 2. Nf3 e6 3. Bg5 Be7 4. Nbd2 c5 5. c3 Nc6 6. e3 0-0 7. Bd3 cxd4 8. exd4 d6 9. Qe2 Nd5 10. Bxe7 Qxe7 11. 0-0 Nf4 12. Qe4 Nxd3 13. Qxd3 e5 14. Rfe1 Bg4 15. Qe4 Bxf3 16. Nxf3 Rae8 17. dxe5 dxe5 18. Rad1 Kh8 19. Qf5 g6 20. Qd7 f5 21. Qxe7 Rxe7 22. Rd6 Kg7 23. Red1 Rf6 24. Rd7 Rff7 25. Rxe7 Rxe7 26. Rd6 e4 27. Nd4 Ne5 28. b3 Nd3 29. Kf1 Kf7 30. Nc2 Rc7 31. c4 Ke7 32. Rd4 Rd7 33. a3 a6 34. f3 Rxd4 35. Nxd4 Kd6 36. Nc2 Kc5 37. fxe4 fxe4 38. Ke2 Nc1+ 39. Kd2 Nxb3+ 40. Kc3 Na5 41. Ne3 Nc6 42. Ng4 h5 43. Nf2 e3 44. Ne4+ Kb6 45. Kd3 Ne5+ 46. Kxe3 Nxc4+ 47. Kf4 Nxa3 48. Kg5 Nb1 49. Kxg6 a5 50. Nf2 a4 51. Nd3 a3 52. Nc1 Nc3 53. Kxh5 Ne2 54. Na2 Nf4+ 55. Kg4 Nxg2 56. Kf3 Nh4+ 57. Kg4 Ng6 58. Kf5 Nf8 59. h4 Kc5 60. h5 b5 61. h6 b4 62. Nc1 Kc4 63. Kf6 b3 64. Nxb3 Kxb3 65. Kf7 a2 66. Kxf8 a1Q 67. Kg8 Qg1+ 68. Kh8 Qd4+ 0-1